00549nam a2200181 a 45000010010000000030011000100080041000210350026000620820015000881000022001032450040001252600053001656500011002189420012002299520091002419980020003329990015003520000-8533ELIB.Books110520 2006  a(ELIB.Books)0000-8678 aB.Th bHse aHser Nay Gay, Naw aThe Understanding of Christian Hymn bInsein: Karen Baptist Theolgical Seminary c2006 aThesis 2ddccBK 00102ddc4070aKBTSbKBTSd2011-05-20l0p30270r2022-01-22 00:00:00w2022-01-22yBK cbate2011-05-20 c8533d8533